[Event "BCF-chT3N 1920 (4NCL)"]
[Site "England"]
[Date "2019.11.10"]
[Round "2.12"]
[White "Roberts, Paul"]
[Black "Sakic, Simeon"]
[Result "1-0"]
[WhiteElo "2115"]
[BlackElo "2012"]
[PlyCount "77"]
[EventDate "2019.11.09"]
[EventType "team-swiss"]
[EventRounds "11"]
[EventCountry "ENG"]
[SourceTitle "EXT 2022"]
[Source "ChessBase"]
[SourceDate "2021.10.06"]
[SourceVersion "1"]
[SourceVersionDate "2021.10.06"]
[SourceQuality "1"]
[WhiteTeam "Manchester Manticores II"]
[BlackTeam "Bolton & Worsley"]
[WhiteTeamCountry "ENG"]
[BlackTeamCountry "ENG"]

1. Nf3 Nf6 2. d4 e6 3. Bf4 b6 4. e3 Bb7 5. Nbd2 d6 6. Bd3 c5 7. Qe2 Be7 8. h3 0-0 9. c3 Nbd7 10. 0-0 Re8 11. Rfd1 Bf8 12. Bg3 e5 13. dxe5 dxe5 14. Ng5 h6 15. Nge4 Qe7 16. Nxf6+ Nxf6 17. e4 a6 18. a4 Qc7 19. Bh4 Nd7 20. Bc4 Be7 21. Qh5 Bxh4 22. Bxf7+ Kf8 23. Bxe8 Rxe8 24. Qxh4 Nf6 25. f3 c4 26. Nf1 Qc5+ 27. Qf2 Qc6 28. Ne3 Nh5 29. Nd5 Re6 30. Kh2 Kg8 31. Qh4 Nf6 32. Nxf6+ Rxf6 33. Rd8+ Kh7 34. Rad1 Qxa4 35. R1d6 Rxd6 36. Rxd6 Qb5 37. Qh5 Bc6 38. Qg6+ Kh8 39. Rd8+ 1-0

[Event "Bolton Easter op"]
[Site "Bolton"]
[Date "2019.04.19"]
[Round "1"]
[White "Bimpson, Tom"]
[Black "Sakic, Simeon"]
[Result "0-1"]
[WhiteElo "1920"]
[BlackElo "1884"]
[PlyCount "68"]
[EventDate "2019.04.19"]
[EventType "swiss"]
[EventRounds "5"]
[EventCountry "ENG"]
[SourceTitle "CBM 190 Extra"]
[Source "ChessBase"]
[SourceDate "2019.07.15"]
[SourceVersion "1"]
[SourceVersionDate "2019.07.15"]
[SourceQuality "1"]

1. e4 e5 2. Nf3 Nc6 3. d3 Bc5 4. g3 d6 5. Bg2 Bg4 6. h3 Bh5 7. c3 Nf6 8. b4 Bb6 9. a4 a6 10. Nbd2 0-0 11. 0-0 d5 12. Ba3 Re8 13. Qc2 h6 14. Rfe1 dxe4 15. dxe4 Qd7 16. g4 Bg6 17. Nc4 Ba7 18. Nh4 Bh7 19. Ne3 Rad8 20. Rad1 Qe6 21. Nhf5 Rxd1 22. Rxd1 Ne7 23. b5 Ng6 24. Nd5 Nxd5 25. exd5 Qb6 26. d6 axb5 27. axb5 cxd6 28. Bc1 Nf4 29. Be3 Qa5 30. Bxf4 exf4 31. Be4 Bxf5 32. Bxf5 Qxb5 33. Rxd6 Qe5 34. Rd3 g6 0-1

[Event "HUN-chT2 Toth 1415"]
[Site "Hungary"]
[Date "2014.12.14"]
[Round "6.9"]
[White "Leszko, Bence"]
[Black "Sakic, Simeon"]
[Result "1-0"]
[WhiteElo "1910"]
[BlackElo "1873"]
[PlyCount "41"]
[EventDate "2014.09.07"]
[EventType "team-tourn"]
[EventRounds "11"]
[EventCountry "HUN"]
[SourceTitle "EXT 2016"]
[Source "ChessBase"]
[SourceDate "2015.10.08"]
[SourceVersion "1"]
[SourceVersionDate "2015.10.08"]
[SourceQuality "1"]
[WhiteTeam "Oroshaza"]
[BlackTeam "Szentes"]
[WhiteTeamCountry "HUN"]
[BlackTeamCountry "HUN"]

1. e4 e5 2. Nf3 Nc6 3. Nc3 Bc5 4. Nxe5 Nxe5 5. d4 Bd6 6. dxe5 Bxe5 7. Bc4 d6 8. 0-0 Ne7 9. f4 Bxc3 10. bxc3 0-0 11. Ba3 Be6 12. Bb3 Re8 13. Bxe6 fxe6 14. c4 b6 15. Bb2 Ng6 16. f5 exf5 17. Qd5+ Kh8 18. Rxf5 Ne7 19. Bxg7+ Kxg7 20. Qf7+ Kh8 21. Rh5 1-0

[Event "Senta op 18th"]
[Site "Senta"]
[Date "2014.07.19"]
[Round "1"]
[White "Sakic, Simeon"]
[Black "Radusinovic, Lazar"]
[Result "0-1"]
[WhiteElo "1842"]
[BlackElo "2318"]
[PlyCount "112"]
[EventDate "2014.07.19"]
[EventType "swiss"]
[EventRounds "9"]
[EventCountry "SRB"]
[SourceTitle "CBM 161 Extra"]
[Source "ChessBase"]
[SourceDate "2014.08.29"]
[SourceVersion "1"]
[SourceVersionDate "2014.08.29"]
[SourceQuality "1"]

1. e4 c5 2. Nf3 Nc6 3. d4 cxd4 4. Nxd4 e5 5. Nb3 Nf6 6. Bg5 h6 7. Bxf6 Qxf6 8. Bc4 Bb4+ 9. c3 Be7 10. 0-0 0-0 11. N1d2 d6 12. Qf3 Qg6 13. Qg3 Qh5 14. Bd5 Nd8 15. f4 Bh4 16. Qe3 exf4 17. Qxf4 Be7 18. Nc4 Ne6 19. Qg3 Qg5 20. Qf3 Rb8 21. Rad1 Qg6 22. Qe3 b6 23. Rf3 Ba6 24. Rg3 Qh5 25. Rf1 Rbc8 26. Qd3 Bg5 27. Rgf3 Qg6 28. R1f2 Bh4 29. Rf1 Rc7 30. Nd4 Nc5 31. Qe2 Kh8 32. Nf5 Bg5 33. b3 Nd7 34. Nfxd6 Qxd6 35. Nxd6 Bxe2 36. Nxf7+ Rxf7 37. Rxf7 Be3+ 38. Kh1 Bxf1 39. Rxf1 Rxc3 40. h3 Rc1 41. Rxc1 Bxc1 42. Kg1 Ne5 43. Kf2 g5 44. Ke2 Kg7 45. Kd1 Ba3 46. Kc2 h5 47. Kc3 a5 48. Bb7 Bc5 49. Bc8 Kf6 50. Bb7 g4 51. hxg4 hxg4 52. Bc8 Kg5 53. Kd2 Kf4 54. Bf5 Kg3 55. Ke1 Kxg2 56. Bxg4 Nxg4 0-1

[Event "HUN-chT2 Toth 1314"]
[Site "Hungary"]
[Date "2014.03.23"]
[Round "9.9"]
[White "Sakic, Simeon"]
[Black "Abraham, Lajos"]
[Result "1-0"]
[WhiteElo "1868"]
[BlackElo "1818"]
[PlyCount "95"]
[EventDate "2013.09.08"]
[EventType "team-tourn"]
[EventRounds "11"]
[EventCountry "HUN"]
[SourceTitle "EXT 2016"]
[Source "ChessBase"]
[SourceDate "2015.10.08"]
[SourceVersion "1"]
[SourceVersionDate "2015.10.08"]
[SourceQuality "1"]
[WhiteTeam "Szentes"]
[BlackTeam "Roszke"]
[WhiteTeamCountry "HUN"]
[BlackTeamCountry "HUN"]

1. e4 e5 2. Nf3 Nc6 3. Bc4 Be7 4. d4 exd4 5. Nxd4 Ne5 6. Bb3 d6 7. f4 Ng6 8. 0-0 Nf6 9. Nc3 a6 10. h3 h5 11. Qe1 Nd7 12. a3 Bf6 13. Be3 Nc5 14. Ba2 Bd7 15. Rd1 Qc8 16. b4 Ne6 17. Nde2 Nef8 18. Nd5 Bxh3 19. gxh3 Qxh3 20. Qg3 Qd7 21. Bb6 Bd8 22. Bd4 h4 23. Qc3 h3 24. Rf2 c6 25. Bxg7 Rh4 26. Nf6+ Bxf6 27. Bxf6 Qg4+ 28. Qg3 Qxg3+ 29. Nxg3 Rxf4 30. Rxf4 Nxf4 31. Rxd6 Nd7 32. Bg5 Ng6 33. Bxf7+ Kxf7 34. Rxd7+ Ke6 35. Rxb7 Rg8 36. Kh2 Ke5 37. Kxh3 Nf4+ 38. Bxf4+ Kxf4 39. Rf7+ Ke3 40. Rf6 Rc8 41. Kg4 Rg8+ 42. Kh4 Rc8 43. Kg5 Kd4 44. Kf5 c5 45. Rxa6 cxb4 46. axb4 Rxc2 47. Rd6+ Ke3 48. Nf1+ 1-0

[Event "Senta-ch"]
[Site "Senta"]
[Date "2014.02.15"]
[Round "9"]
[White "Sakic, Simeon"]
[Black "Soklovacki, Mila"]
[Result "1/2-1/2"]
[WhiteElo "1868"]
[BlackElo "1632"]
[PlyCount "104"]
[EventDate "2014.01.24"]
[EventType "swiss"]
[EventRounds "9"]
[EventCountry "SRB"]
[SourceTitle "EXT 2016"]
[Source "ChessBase"]
[SourceDate "2015.10.08"]
[SourceVersion "1"]
[SourceVersionDate "2015.10.08"]
[SourceQuality "1"]

1. e4 c5 2. Nf3 Nc6 3. d4 cxd4 4. Nxd4 e5 5. Nb3 Nf6 6. Nc3 Bb4 7. Bg5 Bxc3+ 8. bxc3 h6 9. Bxf6 Qxf6 10. Bc4 0-0 11. 0-0 Ne7 12. Qd2 Qc6 13. Qd3 d6 14. Rad1 Rd8 15. h4 b6 16. f4 exf4 17. Rxf4 Be6 18. Bxe6 fxe6 19. Nd4 Qc5 20. Kh1 Qc8 21. Qg3 e5 22. Rg4 Kh8 23. Rxg7 Rg8 24. Rxg8+ Qxg8 25. Qxg8+ Rxg8 26. Nf5 Nxf5 27. exf5 Rd8 28. g4 Kg7 29. Kg2 Kf6 30. Kf3 h5 31. Rg1 hxg4+ 32. Rxg4 Kxf5 33. Rg7 Rh8 34. Rf7+ Ke6 35. Rxa7 Rxh4 36. Ke3 Kd5 37. Rb7 Kc6 38. Ra7 Rh3+ 39. Kd2 Rh4 40. Ra3 b5 41. Rb3 Ra4 42. a3 Kc5 43. Kd3 d5 44. Ke3 Rh4 45. Kd3 Ra4 46. Ke3 Rh4 47. Kd3 Rh2 48. Rb2 Rh3+ 49. Kd2 Rh4 50. Kd3 d4 51. cxd4+ exd4 52. Rb3 Rg4 1/2-1/2

[Event "Senta-ch"]
[Site "Senta"]
[Date "2014.01.31"]
[Round "4"]
[White "Sakic, Simeon"]
[Black "Sente, Damir"]
[Result "0-1"]
[WhiteElo "1868"]
[BlackElo "2103"]
[PlyCount "120"]
[EventDate "2014.01.24"]
[EventType "swiss"]
[EventRounds "9"]
[EventCountry "SRB"]
[SourceTitle "EXT 2016"]
[Source "ChessBase"]
[SourceDate "2015.10.08"]
[SourceVersion "1"]
[SourceVersionDate "2015.10.08"]
[SourceQuality "1"]

1. e4 c5 2. Nf3 Nc6 3. d4 cxd4 4. Nxd4 Nf6 5. Nc3 e5 6. Nb3 Bb4 7. f3 d5 8. Bd2 dxe4 9. fxe4 Bxc3 10. Bxc3 Qxd1+ 11. Rxd1 Nxe4 12. Rd3 Be6 13. g3 Bxb3 14. cxb3 Nxc3 15. bxc3 Rd8 16. Rxd8+ Kxd8 17. Bc4 f6 18. Ke2 Ke7 19. h4 Rd8 20. g4 Na5 21. Bd3 h6 22. Rf1 Rc8 23. Kd2 Nc6 24. Be4 Rf8 25. Rf3 Nd8 26. a4 b6 27. b4 Ne6 28. Rf1 Rd8+ 29. Ke2 Rc8 30. Kd2 Rc4 31. Kd3 Rc7 32. Ra1 a5 33. Rb1 Nf4+ 34. Kd2 Rd7+ 35. Kc2 axb4 36. Rxb4 Rd6 37. Rc4 Nd5 38. Bxd5 Rxd5 39. Rc7+ Rd7 40. Rc6 Rb7 41. Rc8 Kd6 42. Kd3 Ra7 43. Rg8 Ke6 44. c4 Rxa4 45. Rxg7 Ra3+ 46. Ke4 Rc3 47. Rc7 Kd6 48. Rc8 Kd7 49. Rb8 Rxc4+ 50. Kf5 Rf4+ 51. Kg6 Kc7 52. Re8 Rxg4+ 53. Kxf6 Rxh4 54. Rxe5 Kd6 55. Re6+ Kc5 56. Re5+ Kc4 57. Re8 b5 58. Rc8+ Kb3 59. Rc5 b4 60. Kg6 Kb2 0-1

[Event "Senta-ch"]
[Site "Senta"]
[Date "2014.01.25"]
[Round "2"]
[White "Vranic, Ljubomir"]
[Black "Sakic, Simeon"]
[Result "1-0"]
[WhiteElo "2213"]
[BlackElo "1868"]
[PlyCount "95"]
[EventDate "2014.01.24"]
[EventType "swiss"]
[EventRounds "9"]
[EventCountry "SRB"]
[SourceTitle "EXT 2016"]
[Source "ChessBase"]
[SourceDate "2015.10.08"]
[SourceVersion "1"]
[SourceVersionDate "2015.10.08"]
[SourceQuality "1"]

1. Nf3 Nf6 2. c4 e6 3. g3 b6 4. Bg2 Bb7 5. 0-0 Be7 6. b3 d6 7. Bb2 Nbd7 8. Nc3 0-0 9. Qc2 c5 10. a4 a5 11. Rad1 Qb8 12. d4 e5 13. e3 h6 14. Rd2 Rd8 15. Rfd1 Bc6 16. dxe5 dxe5 17. Nh4 Bxg2 18. Nxg2 Qb7 19. Nd5 Nxd5 20. Rxd5 f6 21. Nh4 Nf8 22. Ng6 Rxd5 23. Rxd5 Rd8 24. Nxf8 Kxf8 25. e4 Rxd5 26. exd5 Qd7 27. Kg2 Qg4 28. f3 Qh5 29. g4 Qh4 30. Bc3 Bd6 31. Qe4 Qg5 32. Be1 Qc1 33. Bf2 Qd1 34. Qf5 Be7 35. Qc8+ Kf7 36. Qe6+ Kf8 37. h3 Qd3 38. Qxb6 f5 39. Qb8+ Kf7 40. Qxe5 fxg4 41. hxg4 Qd2 42. Qe3 Qc2 43. Qf4+ Kg8 44. Qe4 Qxe4 45. fxe4 Bd6 46. Bg3 Be7 47. Bc7 Kf7 48. d6 1-0

[Event "HUN-chT2 Toth 1314"]
[Site "Hungary"]
[Date "2013.11.17"]
[Round "5.7"]
[White "Sakic, Simeon"]
[Black "Petro, Jozsef"]
[Result "1/2-1/2"]
[WhiteElo "1868"]
[BlackElo "2088"]
[PlyCount "120"]
[EventDate "2013.09.08"]
[EventType "team-tourn"]
[EventRounds "11"]
[EventCountry "HUN"]
[SourceTitle "EXT 2016"]
[Source "ChessBase"]
[SourceDate "2015.10.08"]
[SourceVersion "1"]
[SourceVersionDate "2015.10.08"]
[SourceQuality "1"]
[WhiteTeam "Szentes"]
[BlackTeam "Bekes"]
[WhiteTeamCountry "HUN"]
[BlackTeamCountry "HUN"]

1. e4 c6 2. d4 g6 3. f4 d5 4. e5 h5 5. Bd3 Nh6 6. Nf3 Bg4 7. c3 e6 8. Be3 Nd7 9. Nbd2 Be7 10. Bf2 Rc8 11. Qc2 Bf5 12. h3 c5 13. g4 Bxd3 14. Qxd3 Qb6 15. 0-0-0 a5 16. Be3 a4 17. f5 gxf5 18. Bxh6 cxd4 19. Nxd4 Rxh6 20. gxf5 Nxe5 21. Qe3 Bf6 22. fxe6 Nd3+ 23. Qxd3 Bxd4 24. exf7+ Kf8 25. Rhe1 a3 26. Nb3 axb2+ 27. Kb1 Bg7 28. Qxd5 Qc6 29. Re8+ Rxe8 30. fxe8Q+ Qxe8 31. Rf1+ Bf6 32. Nd4 Qf7 33. Ne6+ Kg8 34. Rg1+ Rg6 35. Rxg6+ Qxg6+ 36. Kxb2 Qf7 37. Nf4 Qxd5 38. Nxd5 Kf7 39. Kc2 Ke6 40. Nf4+ Kf5 41. Nxh5 Be5 42. Kd3 Kg5 43. Ke4 Bxc3 44. Nf4 Kh4 45. Ke3 Ba5 46. Kd4 Kg3 47. Nd3 Kxh3 48. Nc5 b6 49. Nd7 Kg4 50. Kc4 Kf5 51. Kb5 Ke6 52. Nxb6 Be1 53. Kc6 Ke7 54. Nd5+ Kd8 55. a4 Kc8 56. Kb5 Kb7 57. Nb6 Ka7 58. Nd5 Kb7 59. Nb4 Bxb4 60. Kxb4 Ka6 1/2-1/2

[Event "HUN-chT2 Toth 1314"]
[Site "Hungary"]
[Date "2013.09.22"]
[Round "2.9"]
[White "Sakic, Simeon"]
[Black "Kovacs, Sandor1111"]
[Result "1-0"]
[WhiteElo "1868"]
[BlackElo "1639"]
[PlyCount "51"]
[EventDate "2013.09.08"]
[EventType "team-tourn"]
[EventRounds "11"]
[EventCountry "HUN"]
[SourceTitle "EXT 2016"]
[Source "ChessBase"]
[SourceDate "2015.10.08"]
[SourceVersion "1"]
[SourceVersionDate "2015.10.08"]
[SourceQuality "1"]
[WhiteTeam "Szentes"]
[BlackTeam "Csongrad Felegyhaza"]
[WhiteTeamCountry "HUN"]
[BlackTeamCountry "HUN"]

1. e4 e5 2. Nf3 Nc6 3. Bc4 h6 4. d4 exd4 5. Nxd4 Nxd4 6. Qxd4 Qf6 7. Qd3 Bc5 8. 0-0 Ne7 9. Nc3 c6 10. a3 0-0 11. b4 Bd4 12. Bb2 Bxc3 13. Bxc3 Qg6 14. Rad1 a6 15. Qe3 b5 16. Bb3 d6 17. f4 Bb7 18. Rf3 Bc8 19. Rg3 Bg4 20. f5 Nxf5 21. exf5 Qxf5 22. Rf1 Qg6 23. Qf4 h5 24. h3 d5 25. hxg4 h4 26. Rh3 1-0

[Event "Senta op-B 17th"]
[Site "Senta"]
[Date "2013.07.16"]
[Round "5"]
[White "Sakic, Simeon"]
[Black "Bernath, Robert"]
[Result "0-1"]
[WhiteElo "1879"]
[BlackElo "2135"]
[PlyCount "102"]
[EventDate "2013.07.13"]
[EventType "swiss"]
[EventRounds "9"]
[EventCountry "SRB"]
[SourceTitle "EXT 2014"]
[Source "ChessBase"]
[SourceDate "2013.11.20"]
[SourceVersion "1"]
[SourceVersionDate "2013.11.20"]
[SourceQuality "1"]

1. e4 c5 2. Nf3 Nc6 3. d4 cxd4 4. Nxd4 Nf6 5. Nc3 e5 6. Ndb5 d6 7. Nd5 Nxd5 8. exd5 Nb8 9. Qf3 a6 10. Nc3 Be7 11. Qg3 0-0 12. Bh6 Bf6 13. Bd3 Kh8 14. Bd2 Bh4 15. Qe3 f5 16. 0-0-0 Nd7 17. g3 Be7 18. Rhe1 b5 19. f4 e4 20. Nxe4 Nb6 21. Nc3 Bf6 22. a3 Bxc3 23. Bxc3 Nxd5 24. Qd4 Nxc3 25. Qxc3 Bd7 26. Bf1 Rc8 27. Qd2 Qc7 28. c3 Rf6 29. Bg2 b4 30. Re7 bxa3 31. bxa3 Re6 32. Re1 Rxe1+ 33. Qxe1 Qa5 34. Kb2 Rb8+ 35. Ka2 Qb5 36. Qc1 Qb3+ 37. Ka1 Be6 38. Rxe6 Qxe6 39. Qc2 Qb3 40. Qc1 Rc8 41. Qb2 Qxc3 42. Bd5 g6 43. Ka2 Qxb2+ 44. Kxb2 Kg7 45. Bf3 Rc5 46. Bd1 Kf6 47. Bb3 d5 48. Ba4 d4 49. Bc2 Rc3 50. Bb1 Re3 51. Bc2 Re2 0-1

[Event "Senta op-B 17th"]
[Site "Senta"]
[Date "2013.07.14"]
[Round "2"]
[White "Nestorovic, Irena"]
[Black "Sakic, Simeon"]
[Result "1-0"]
[WhiteElo "2039"]
[BlackElo "1879"]
[PlyCount "115"]
[EventDate "2013.07.13"]
[EventType "swiss"]
[EventRounds "9"]
[EventCountry "SRB"]
[SourceTitle "EXT 2014"]
[Source "ChessBase"]
[SourceDate "2013.11.20"]
[SourceVersion "1"]
[SourceVersionDate "2013.11.20"]
[SourceQuality "1"]

1. d4 Nf6 2. c4 e6 3. Nc3 d5 4. cxd5 exd5 5. Bg5 Be7 6. Qc2 0-0 7. e3 c6 8. Bd3 h6 9. Bh4 Nbd7 10. h3 Re8 11. Nge2 Ne4 12. Bxe7 Qxe7 13. Bxe4 dxe4 14. Ng3 Nf6 15. 0-0 h5 16. Rfd1 h4 17. Nge2 Nd5 18. Nxd5 cxd5 19. Qc5 Be6 20. Qxe7 Rxe7 21. Rac1 Kf8 22. Rc5 b6 23. Rc6 Rd7 24. Rdc1 Ke7 25. Nc3 Rb7 26. Nb5 Rd8 27. b3 g6 28. a4 Bf5 29. Kf1 Be6 30. Ke1 Bf5 31. Kd2 Be6 32. Nc7 Bf5 33. b4 Be6 34. b5 Bf5 35. Na6 Be6 36. Nb4 Kf6 37. Ke2 Ke7 38. Rc7+ Rd7 39. Rc8 Kf6 40. Rh8 g5 41. Rg8 Kf5 42. g4+ hxg3 43. fxg3 Kf6 44. Rf1+ Ke7 45. Nc6+ Kd6 46. g4 Rbc7 47. Rxg5 Rxc6 48. bxc6 Kxc6 49. h4 Rd8 50. h5 Rh8 51. Rh1 Rh6 52. Rg7 b5 53. axb5+ Kxb5 54. Kd2 Kc4 55. g5 Rh8 56. h6 Rb8 57. Rc1+ Kb3 58. Rb1+ 1-0

[Event "Senta op-A 16th"]
[Site "Senta"]
[Date "2012.07.19"]
[Round "7"]
[White "Paroski, Sinisa"]
[Black "Sakic, Simeon"]
[Result "1-0"]
[WhiteElo "2184"]
[BlackElo "1961"]
[PlyCount "155"]
[EventDate "2012.07.14"]
[EventType "swiss"]
[EventRounds "9"]
[EventCountry "SRB"]
[SourceTitle "CBM 149 Extra"]
[Source "ChessBase"]
[SourceDate "2012.08.24"]
[SourceVersion "1"]
[SourceVersionDate "2012.08.24"]
[SourceQuality "1"]

1. e4 e5 2. Nf3 Nc6 3. Bb5 f5 4. d3 Nf6 5. exf5 Bc5 6. 0-0 0-0 7. Be3 Bb6 8. Bxb6 axb6 9. Nc3 d6 10. d4 Nxd4 11. Nxd4 exd4 12. Qxd4 Bxf5 13. Nd5 Kh8 14. Nxf6 Qxf6 15. Qxf6 Rxf6 16. c3 Kg8 17. Rfe1 Kf7 18. f3 c6 19. Bf1 Re6 20. a3 Rae8 21. Kf2 h6 22. Rxe6 Bxe6 23. Re1 Bd7 24. Rxe8 Bxe8 25. f4 Kf6 26. Ke3 Bf7 27. Be2 Be6 28. Bf3 Bc8 29. h4 b5 30. g4 Be6 31. f5 Bc4 32. Kf4 Bb3 33. g5+ hxg5+ 34. hxg5+ Ke7 35. Kg4 Bc2 36. Kf4 Bb3 37. Be4 Bd1 38. Ke3 Bb3 39. Bd3 Ba2 40. Bc2 Bc4 41. b3 Bf1 42. Bd3 Bg2 43. Be4 Bh3 44. a4 bxa4 45. bxa4 Bf1 46. a5 Bc4 47. Kd4 Be2 48. c4 Kd7 49. c5 d5 50. Bg2 Bg4 51. Ke5 Ke7 52. Bf1 Bd1 53. Bd3 Bb3 54. Be2 Bc2 55. Bh5 Bb1 56. Bg6 Ba2 57. Bh7 Bb3 58. Bg8 Bc4 59. Be6 Bd3 60. Bc8 Ba6 61. Be6 Bd3 62. Bg8 Bc2 63. Bh7 Bb3 64. Bg6 Bd1 65. f6+ gxf6+ 66. gxf6+ Kf8 67. Bf5 Be2 68. Be6 Bf1 69. Kd6 d4 70. Bb3 d3 71. Kc7 Be2 72. Kxb7 d2 73. a6 Bxa6+ 74. Kxa6 d1Q 75. Bxd1 Kf7 76. Kb6 Kxf6 77. Kxc6 Ke7 78. Kb7 1-0

[Event "Backa Topola-ch"]
[Site "Backa Topola"]
[Date "2011.11.23"]
[Round "6"]
[White "Vucelic, Rade"]
[Black "Sakic, Simeon"]
[Result "0-1"]
[WhiteElo "1993"]
[BlackElo "1949"]
[PlyCount "110"]
[EventDate "2011.11.11"]
[EventType "swiss"]
[EventRounds "9"]
[EventCountry "SRB"]
[SourceTitle "CBM 145 Extra"]
[Source "ChessBase"]
[SourceDate "2012.01.03"]
[SourceVersion "1"]
[SourceVersionDate "2012.01.03"]
[SourceQuality "1"]

1. e4 e5 2. Nf3 Nc6 3. Bc4 Bc5 4. d3 d6 5. Bg5 Nf6 6. Nc3 h6 7. Bxf6 Qxf6 8. Nd5 Qd8 9. c3 a6 10. h3 0-0 11. Ne3 Na5 12. Bb3 Nxb3 13. axb3 f5 14. exf5 Bxf5 15. Nxf5 Rxf5 16. 0-0 Qf6 17. Ra4 Rf8 18. Rg4 Rf4 19. Rxf4 Qxf4 20. b4 Bb6 21. Qb3+ Kh8 22. Qd5 Qf5 23. c4 Rd8 24. g4 Qf4 25. Kg2 c6 26. Qe4 Rf8 27. Nh4 Qxe4+ 28. dxe4 Kh7 29. f3 g6 30. Kg3 Bd4 31. Rd1 Kg7 32. Ng2 Bxb2 33. Rxd6 Ba3 34. Nh4 Bxb4 35. Rd1 Be7 36. Ng2 Rd8 37. Rb1 Rd7 38. h4 Bc5 39. Rb3 b6 40. Ne1 Rd4 41. Nd3 Rxc4 42. Nxc5 bxc5 43. Rb7+ Kf8 44. Rc7 a5 45. Rxc6 Kf7 46. g5 hxg5 47. hxg5 Rc1 48. Rf6+ Kg7 49. Re6 a4 50. Re7+ Kf8 51. Ra7 Ra1 52. f4 a3 53. fxe5 a2 54. Kg2 c4 55. Kf2 c3 0-1

[Event "Backa Topola-ch"]
[Site "Backa Topola"]
[Date "2011.11.18"]
[Round "4"]
[White "Sakic, Simeon"]
[Black "Kozomora, Dragan"]
[Result "1-0"]
[WhiteElo "1949"]
[BlackElo "2075"]
[PlyCount "103"]
[EventDate "2011.11.11"]
[EventType "swiss"]
[EventRounds "9"]
[EventCountry "SRB"]
[SourceTitle "CBM 145 Extra"]
[Source "ChessBase"]
[SourceDate "2012.01.03"]
[SourceVersion "1"]
[SourceVersionDate "2012.01.03"]
[SourceQuality "1"]

1. e4 c6 2. d4 d5 3. Nc3 dxe4 4. Nxe4 Nf6 5. Ng3 e6 6. Nf3 Be7 7. Bd3 Nbd7 8. 0-0 0-0 9. b3 b6 10. Bb2 Bb7 11. c4 c5 12. Re1 Re8 13. Ne5 Nf8 14. dxc5 Bxc5 15. Ne4 Be7 16. Ng5 Qc7 17. Ngxf7 Bb4 18. Re3 Re7 19. Ng5 Rd8 20. Qe2 Bc5 21. Rh3 Bd4 22. Re1 Bxb2 23. Qxb2 h6 24. Ngf3 Qd6 25. Nh4 Qd4 26. Qa3 Qc5 27. Qxc5 bxc5 28. Nhg6 Nxg6 29. Bxg6 Rd2 30. Rd3 Rxd3 31. Nxd3 Nd7 32. Rd1 Nf8 33. Bh5 g6 34. Bg4 h5 35. Be2 Nd7 36. Nf4 Kf7 37. Re1 Kf6 38. Bd3 Nf8 39. Bc2 Rd7 40. h4 Rd2 41. Bb1 e5 42. Ne2 Ne6 43. Nc3 Nf4 44. Be4 Rd7 45. Bxb7 Rxb7 46. Ne4+ Kg7 47. Nxc5 Re7 48. g3 Rc7 49. Rxe5 Ne2+ 50. Rxe2 Rxc5 51. Re7+ Kf6 52. Rxa7 1-0

[Event "Battle of Senta op-B 15th"]
[Site "Senta"]
[Date "2011.07.20"]
[Round "6"]
[White "Juhasz, Barbara"]
[Black "Sakic, Simeon"]
[Result "1/2-1/2"]
[WhiteElo "2038"]
[BlackElo "1901"]
[PlyCount "36"]
[EventDate "2011.07.16"]
[EventType "swiss"]
[EventRounds "9"]
[EventCountry "SRB"]
[SourceTitle "EXT 2019"]
[Source "ChessBase"]
[SourceDate "2018.10.10"]
[SourceVersion "1"]
[SourceVersionDate "2018.10.10"]
[SourceQuality "1"]

1. e4 e5 2. Nf3 Nc6 3. Bb5 f5 4. Qe2 fxe4 5. Bxc6 dxc6 6. Qxe4 Bd6 7. Nc3 Nf6 8. Qc4 Qe7 9. Ng5 h6 10. Nge4 Be6 11. Qe2 0-0 12. d3 Nd5 13. g3 Nxc3 14. Nxc3 Bd5 15. Ne4 Bc5 16. Be3 Bxe4 17. dxe4 Bxe3 18. Qxe3 Qb4+ 1/2-1/2

[Event "Battle of Senta op-B 15th"]
[Site "Senta"]
[Date "2011.07.19"]
[Round "5"]
[White "Sakic, Simeon"]
[Black "Sokic, Dragomir"]
[Result "1-0"]
[WhiteElo "1901"]
[BlackElo "1989"]
[PlyCount "83"]
[EventDate "2011.07.16"]
[EventType "swiss"]
[EventRounds "9"]
[EventCountry "SRB"]
[SourceTitle "EXT 2019"]
[Source "ChessBase"]
[SourceDate "2018.10.10"]
[SourceVersion "1"]
[SourceVersionDate "2018.10.10"]
[SourceQuality "1"]

1. e4 e5 2. Nf3 Nc6 3. Bc4 Nf6 4. d3 Bc5 5. c3 d6 6. b4 Bb6 7. a4 a5 8. b5 Ne7 9. Be3 Ng6 10. 0-0 d5 11. exd5 Nxd5 12. Qb3 Be6 13. Bxb6 cxb6 14. Re1 Qd6 15. d4 f6 16. dxe5 fxe5 17. Ng5 0-0-0 18. Nxe6 Qxe6 19. Nd2 Ngf4 20. Ne4 Qg4 21. Ng3 Qg5 22. Rad1 Nc7 23. Bf1 Nce6 24. Ne4 Qg6 25. g3 Rxd1 26. Qxd1 Rd8 27. Qf3 Kb8 28. Kh1 Nd5 29. Bg2 Nc5 30. Nxc5 bxc5 31. c4 e4 32. Qd1 Qg5 33. cxd5 Rxd5 34. Qc2 Rd4 35. h4 Qh5 36. Rxe4 Qf5 37. b6 Rd8 38. Kh2 Qg6 39. Re7 Qxb6 40. Rxb7+ Qxb7 41. Bxb7 Kxb7 42. Qe4+ 1-0

[Event "Battle of Senta op-B 15th"]
[Site "Senta"]
[Date "2011.07.17"]
[Round "2"]
[White "Sakic, Simeon"]
[Black "Zlatic, Milan"]
[Result "0-1"]
[WhiteElo "1901"]
[BlackElo "2077"]
[PlyCount "48"]
[EventDate "2011.07.16"]
[EventType "swiss"]
[EventRounds "9"]
[EventCountry "SRB"]
[SourceTitle "EXT 2019"]
[Source "ChessBase"]
[SourceDate "2018.10.10"]
[SourceVersion "1"]
[SourceVersionDate "2018.10.10"]
[SourceQuality "1"]

1. e4 c5 2. Nf3 Nc6 3. d4 cxd4 4. Nxd4 g6 5. Be3 Nf6 6. Nc3 Bg7 7. f3 0-0 8. Qd2 d5 9. 0-0-0 Nxd4 10. Bxd4 dxe4 11. Nxe4 Nxe4 12. fxe4 Qc7 13. Bxg7 Kxg7 14. Kb1 Be6 15. h3 Rfd8 16. Bd3 Qe5 17. g4 Rd6 18. g5 Rb6 19. b3 a5 20. Qc1 Rc8 21. h4 a4 22. Qb2 Rc3 23. Ka1 a3 24. Qc1 Rxc2+ 0-1

[Event "HUN-chT2 Toth 0910"]
[Site "Hungary"]
[Date "2010.04.11"]
[Round "9.3"]
[White "Sakic, Simeon"]
[Black "Lazar, Janos"]
[Result "0-1"]
[WhiteElo "1936"]
[BlackElo "2194"]
[PlyCount "94"]
[EventDate "2009.11.08"]
[EventType "team-tourn"]
[EventRounds "11"]
[EventCountry "HUN"]
[SourceTitle "EXT 2011"]
[Source "ChessBase"]
[SourceDate "2010.11.26"]
[SourceVersion "1"]
[SourceVersionDate "2010.11.26"]
[SourceQuality "1"]
[WhiteTeam "Szentes Spartacus"]
[BlackTeam "Kisujszallas"]
[WhiteTeamCountry "HUN"]
[BlackTeamCountry "HUN"]

1. e4 e5 2. Nf3 f5 3. d4 fxe4 4. Nxe5 Nf6 5. Bc4 d5 6. Bb3 Nbd7 7. Bg5 c6 8. Nd2 Qb6 9. Nxd7 Bxd7 10. Bxf6 gxf6 11. Qh5+ Kd8 12. c3 Qc7 13. g3 Qc8 14. Qh4 Be7 15. Qf4 Bg4 16. f3 exf3 17. Nxf3 Qe6+ 18. Kd2 Bd6 19. Qe3 Qf5 20. Nh4 Qh5 21. Rae1 Kc7 22. Kc1 Rae8 23. Qf2 Rxe1+ 24. Rxe1 Re8 25. Rxe8 Qxe8 26. Bd1 Bxd1 27. Kxd1 Qe4 28. Kc1 a5 29. Ng2 Kd7 30. Ne1 h5 31. Nc2 h4 32. gxh4 Bf4+ 33. Kd1 f5 34. a3 Ke6 35. Qe2 Kf6 36. Qxe4 dxe4 37. h3 Bg3 38. Ne3 b5 39. b3 Bxh4 40. a4 bxa4 41. bxa4 f4 42. Nc4 f3 43. Kd2 Bg5+ 44. Ke1 e3 45. Nxe3 Bxe3 46. Kd1 Kg5 47. Ke1 Kh4 0-1